[Event "20th European Teams Women"]
[Site "Reykjavik ISL"]
[Date "2015.11.16"]
[Round "4.12"]
[Board "4"]
[White "Kolaric, Spela"]
[Black "Vangsgaard, Freja"]
[Result "1-0"]
[WhiteTitle "WFM"]
[WhiteElo "2102"]
[BlackElo "1980"]
[WhiteTeam "Slovenia"]
[BlackTeam "Denmark"]
[WhiteFideId "14607093"]
[BlackFideId "1436589"]
[EventDate "2015.11.13"]

1. d4 Nf6 2. c4 g6 3. g3 c5 4. d5 d6 5. Nf3 Bg7 6. Bg2 b5 7. cxb5 Qa5+ 8. Bd2
Qxb5 9. Nc3 Qb6 10. O-O Na6 11. e4 Nd7 12. Rb1 Nb4 13. a3 Nd3 14. Na4 Qc7 15. b4
Ba6 16. Be3 cxb4 17. axb4 N3e5 18. b5 Nxf3+ 19. Bxf3 Bc8 20. Qb3 O-O 21. Rfc1
Qa5 22. Rc2 Bb7 23. Ra2 Qc7 24. Rc1 Qb8 25. Nb2 Nb6 26. Nc4 Rc8 27. Na5 Rxc1+
28. Bxc1 Qc7 1-0

[Event "20th European Teams Women"]
[Site "Reykjavik ISL"]
[Date "2015.11.16"]
[Round "4.13"]
[Board "1"]
[White "Havlikova, Kristyna"]
[Black "Goossens, Hanne"]
[Result "1-0"]
[WhiteTitle "WIM"]
[BlackTitle "WFM"]
[WhiteElo "2323"]
[BlackElo "2184"]
[WhiteTeam "Czech Republic"]
[BlackTeam "Belgium"]
[WhiteFideId "309672"]
[BlackFideId "200468"]
[EventDate "2015.11.13"]

1. e4 c5 2. Nf3 d6 3. d4 cxd4 4. Nxd4 Nf6 5. Nc3 g6 6. Be3 Bg7 7. f3 O-O 8. Qd2
Nc6 9. g4 Be6 10. Nxe6 fxe6 11. O-O-O Ne5 12. Be2 Rc8 13. h4 Qa5 14. h5 Nc4 15.
Bxc4 Rxc4 16. hxg6 hxg6 17. Bh6 Rfc8 18. Bxg7 Kxg7 19. Kb1 Qb4 20. Qh6+ Kf7 21.
g5 Ng8 22. Qh7+ Ke8 23. a3 Qb6 24. e5 Kd7 25. exd6 Re8 26. dxe7+ Kc8 27. Qxg6
Qc6 28. Rd8+ Rxd8 29. exd8=Q+ Kxd8 30. Qxg8+ Kc7 31. Rh7+ Kb6 32. Rh6 1-0

[Event "20th European Teams Women"]
[Site "Reykjavik ISL"]
[Date "2015.11.16"]
[Round "4.13"]
[Board "2"]
[White "Morozova, Iuliia"]
[Black "Olsarova, Karolina"]
[Result "0-1"]
[WhiteTitle "WFM"]
[BlackTitle "WIM"]
[WhiteElo "1995"]
[BlackElo "2224"]
[WhiteTeam "Belgium"]
[BlackTeam "Czech Republic"]
[WhiteFideId "14104946"]
[BlackFideId "320242"]
[EventDate "2015.11.13"]

1. d4 Nf6 2. Nf3 e6 3. e3 c5 4. Bd3 b6 5. b3 Bb7 6. Nbd2 cxd4 7. exd4 Be7 8. O-O
O-O 9. Bb2 d6 10. c4 Nbd7 11. Re1 Re8 12. Rc1 Nf8 13. b4 Rc8 14. Qb3 Rc7 15. Rc2
Qa8 16. Rec1 Rec8 17. a4 a5 18. bxa5 bxa5 19. Bc3 Bc6 20. c5 Bd5 21. Qb6 dxc5
22. Qxa5 Ra7 23. Qb5 Rb8 24. dxc5 Rxb5 25. axb5 N8d7 26. c6 Nb6 27. Bd4 Ra3 28.
Bf1 Bxf3 29. Nxf3 Nfd5 30. c7 Nc8 31. Rb2 Ndb6 32. Rc6 Nd7 33. Rc1 Qb7 34. Nd2
e5 35. Be3 Ndb6 36. Rc6 Ra8 37. Be2 Nd5 38. Bf3 Ra1+ 39. Nb1 Nxc7 40. Ra6 e4 41.
Bxe4 Qxe4 42. Rxa1 Bf6 43. Nd2 Qb7 44. Rab1 Bxb2 45. Rxb2 Nxb5 46. h3 h6 47. Rb1
Ncd6 48. Nf3 Qd5 49. Re1 Ne4 50. Kf1 f5 51. h4 Nf6 52. Kg1 Nd6 53. Bf4 Nde4 54.
Be3 Qd6 55. Bc1 Ng4 56. Be3 Kh7 57. g3 Nxg3 58. Nd4 Ne4 59. Nxf5 Qh2+ 60. Kf1
Nxe3+ 0-1

[Event "20th European Teams Women"]
[Site "Reykjavik ISL"]
[Date "2015.11.16"]
[Round "4.13"]
[Board "3"]
[White "Olsarova, Tereza"]
[Black "Barbier, Wiebke"]
[Result "1-0"]
[WhiteTitle "WGM"]
[WhiteElo "2307"]
[BlackElo "1980"]
[WhiteTeam "Czech Republic"]
[BlackTeam "Belgium"]
[WhiteFideId "325449"]
[BlackFideId "207977"]
[EventDate "2015.11.13"]

1. d4 d6 2. e4 Nf6 3. Nc3 e5 4. Nf3 Nbd7 5. Bc4 Be7 6. a4 a5 7. Ng5 O-O 8. Bxf7+
Rxf7 9. Ne6 Qe8 10. Nxc7 Qd8 11. Nxa8 b6 12. Nb5 Bb7 13. Nac7 Nxe4 14. O-O exd4
15. Ne6 Qc8 16. Nexd4 Ne5 17. f3 Nc5 18. b3 Ne6 19. Be3 Nf4 20. Qd2 Nd5 21. Bg5
Qd7 22. Rae1 Bf6 23. c4 Bxg5 24. Qxg5 Nf4 25. Nxd6 Nfd3 26. Rxe5 Qxd6 27. Re8+
Rf8 28. Rxf8+ Qxf8 29. Ne6 Qf6 30. Qxf6 gxf6 31. Rd1 Ne5 32. Rd6 Bc6 33. Nd4 Be8
34. Rxb6 1-0

[Event "20th European Teams Women"]
[Site "Reykjavik ISL"]
[Date "2015.11.16"]
[Round "4.13"]
[Board "4"]
[White "Barbier, Astrid"]
[Black "Kulovana, Eva"]
[Result "0-1"]
[BlackTitle "WGM"]
[WhiteElo "1819"]
[BlackElo "2213"]
[WhiteTeam "Belgium"]
[BlackTeam "Czech Republic"]
[WhiteFideId "200395"]
[BlackFideId "318779"]
[EventDate "2015.11.13"]

1. e4 c6 2. d4 d5 3. exd5 cxd5 4. Bd3 Nc6 5. c3 Qc7 6. Ne2 Bg4 7. f3 Bd7 8. Bf4
e5 9. dxe5 Nxe5 10. Bc2 Bd6 11. Bxe5 Bxe5 12. Qxd5 Nf6 13. Qd3 Rd8 14. Nd2 O-O
15. Qc4 Qb8 16. Ne4 Nxe4 17. Qxe4 g6 18. f4 Bg7 19. Qf3 Bb5 20. Rd1 Rfe8 21.
Rxd8 Qxd8 22. Bd1 Bf8 23. O-O Qd2 24. f5 Bxe2 25. Bxe2 Qxe2 26. Qd5 Re5 27. Qd8
Qe3+ 28. Kh1 Rxf5 29. Rd1 Qe2 30. h3 Rf1+ 31. Rxf1 Qxf1+ 32. Kh2 Qf4+ 33. Kg1
Qc1+ 34. Kh2 Qxb2 35. Qb8 Qxc3 36. Qxb7 Bd6+ 0-1

[Event "20th European Teams Women"]
[Site "Reykjavik ISL"]
[Date "2015.11.16"]
[Round "4.14"]
[Board "2"]
[White "Kristinardottir, Elsa Maria"]
[Black "Bengtsson, Jessica"]
[Result "0-1"]
[WhiteElo "1887"]
[BlackElo "2040"]
[WhiteTeam "Iceland"]
[BlackTeam "Sweden"]
[WhiteFideId "2300370"]
[BlackFideId "1711083"]
[EventDate "2015.11.13"]

1. e4 c5 2. Nf3 Nc6 3. Nc3 e5 4. Bc4 Be7 5. d3 d6 6. h3 Nf6 7. Ng5 O-O 8. f4
exf4 9. Bxf4 h6 10. Nf3 Nh5 11. Qd2 Nxf4 12. Qxf4 Bf6 13. O-O Be6 14. Bb3 Nd4
15. Nxd4 Bxd4+ 16. Kh1 Be5 17. Qf2 Qd7 18. Rab1 Bxh3 19. Ne2 Be6 20. Nf4 Bxb3
21. axb3 Qg4 22. g3 Rae8 23. c3 f5 24. exf5 Rxf5 25. Rbe1 Ref8 26. Re4 d5 27.
Rxe5 Rxe5 28. Re1 Rfe8 29. Rf1 Re3 30. Ng2 Qh5+ 31. Kg1 Re2 32. Qxc5 Rxb2 33. b4
Ree2 34. Nh4 Kh7 35. Qd6 Qg4 36. c4 Re3 37. Nf5 Qh3 38. Rf2 Re1+ 0-1

[Event "20th European Teams Women"]
[Site "Reykjavik ISL"]
[Date "2015.11.16"]
[Round "4.14"]
[Board "3"]
[White "Fransson, Angelina"]
[Black "Thorsteinsdottir, Gudlaug"]
[Result "0-1"]
[BlackTitle "WFM"]
[WhiteElo "1980"]
[BlackElo "2005"]
[WhiteTeam "Sweden"]
[BlackTeam "Iceland"]
[WhiteFideId "1712632"]
[BlackFideId "2300753"]
[EventDate "2015.11.13"]

1. e4 e5 2. Nf3 Nf6 3. Nxe5 d6 4. Nf3 Nxe4 5. Nc3 Nxc3 6. dxc3 Be7 7. Be3 Nc6 8.
Qd2 Be6 9. O-O-O Bxa2 10. b3 a5 11. Kb2 a4 12. Ra1 axb3 13. cxb3 Bxb3 14. Rxa8
Qxa8 15. Kxb3 Qa1 16. Qc1 Na5+ 17. Kc2 Qa4+ 18. Kd3 O-O 19. Ke2 Bf6 20. Ke1 Qb3
21. Nd4 Qa2 22. Bd3 c5 23. Ne2 Ra8 24. Qb1 Qxb1+ 25. Bxb1 Nc4 26. Kd1 b5 27. Kc2
Ra3 28. Bc1 Ra1 29. Bb2 Ra8 30. Ng3 Be5 31. Bc1 d5 32. f4 Bf6 33. Nh5 Be7 34.
Kd3 g6 35. Ng3 Bf6 36. Bc2 Re8 37. Rf1 d4 38. Ne4 Bg7 39. cxd4 Bxd4 40. Bb3 Kg7
41. Ng5 Nd6 42. Bd5 Bf6 43. Ne4 c4+ 44. Ke3 Nf5+ 45. Kf2 Bd4+ 46. Kf3 Rd8 47.
Bc6 b4 48. g4 Ne7 49. Bb5 c3 50. Bc4 Rb8 51. Rd1 Nc6 52. Bb3 Bb6 53. Be3 Na5 54.
Bxf7 Bxe3 55. Rd7 Rb7 56. Rxb7 Nxb7 57. Bb3 Bd4 58. Ke2 Na5 59. Bd1 b3 60. Kd3
c2 61. Bxc2 bxc2 62. Kxc2 h6 63. Kd3 Bb6 64. Ke2 Nb3 65. Kf3 Nd4+ 66. Ke3 Ne6+
67. Kf3 Bc7 68. f5 Nd4+ 69. Ke3 gxf5 70. Kxd4 fxg4 71. Ng3 Bxg3 72. hxg3 Kg6 73.
Ke5 Kg5 74. Ke4 h5 75. Ke3 h4 76. gxh4+ Kxh4 0-1

[Event "20th European Teams Women"]
[Site "Reykjavik ISL"]
[Date "2015.11.16"]
[Round "4.14"]
[Board "4"]
[White "Hauksdottir, Hrund"]
[Black "Blazekovic, Nina"]
[Result "0-1"]
[WhiteElo "1775"]
[BlackElo "1932"]
[WhiteTeam "Iceland"]
[BlackTeam "Sweden"]
[WhiteFideId "2302608"]
[BlackFideId "1715984"]
[EventDate "2015.11.13"]

1. e4 c5 2. Nf3 d6 3. d4 cxd4 4. Nxd4 Nf6 5. Nc3 a6 6. f3 Qb6 7. a4 Nc6 8. Nxc6
bxc6 9. a5 Qc7 10. Be3 Nd7 11. Qd2 Rb8 12. b3 e6 13. Bf4 Be7 14. Be2 O-O 15. O-O
Ne5 16. Rfd1 Rd8 17. Be3 c5 18. Na4 Nc6 19. Nb6 Bf6 20. Ra4 Bb7 21. Rc4 Ne5 22.
Ra4 Bc6 23. Ra2 Qb7 24. Qe1 Bb5 25. Qf1 Bxe2 26. Qxe2 Nc6 27. Nc4 d5 28. Nd2 Nb4
29. Ra4 d4 30. Bf2 Nxc2 31. Qc4 Ne3 32. Qe2 Nxd1 33. Qxd1 Bg5 34. Rc4 Qb5 35.
Bg3 Be3+ 36. Kf1 Rbc8 37. Qe2 Qxa5 38. Ra4 Qxd2 0-1

[Event "20th European Teams Women"]
[Site "Reykjavik ISL"]
[Date "2015.11.16"]
[Round "4.15"]
[Board "1"]
[White "Tuominen, Tanja"]
[Black "Blagojevic, Tijana"]
[Result "0-1"]
[WhiteTitle "WIM"]
[BlackTitle "WIM"]
[WhiteElo "2109"]
[BlackElo "2312"]
[WhiteTeam "Finland"]
[BlackTeam "Montenegro"]
[WhiteFideId "502340"]
[BlackFideId "16500270"]
[EventDate "2015.11.13"]

1. e4 e5 2. Nf3 Nc6 3. Nc3 Nf6 4. g3 d5 5. exd5 Nxd5 6. Bg2 Nxc3 7. bxc3 Bc5 8.
O-O O-O 9. Re1 Bg4 10. h3 Bh5 11. g4 Bg6 12. Nxe5 Nxe5 13. Rxe5 Bd6 14. Rb5 f5
15. d4 fxg4 16. hxg4 Qh4 17. Be3 Rae8 18. Qd2 Qxg4 19. Rg5 Qh4 20. Bd5+ Bf7 21.
Bxf7+ Rxf7 22. Rg2 Re4 23. Bg5 Qh3 24. Re1 Bh2+ 25. Kf1 Rg4 26. Re8+ Rf8 27.
Rxf8+ Kxf8 28. f3 Rg3 29. f4 Rf3+ 30. Ke1 Bg3+ 0-1

[Event "20th European Teams Women"]
[Site "Reykjavik ISL"]
[Date "2015.11.16"]
[Round "4.15"]
[Board "2"]
[White "Milovic, Aleksandra"]
[Black "Puuska, Heini"]
[Result "1-0"]
[WhiteTitle "WIM"]
[BlackTitle "WFM"]
[WhiteElo "2202"]
[BlackElo "1967"]
[WhiteTeam "Montenegro"]
[BlackTeam "Finland"]
[WhiteFideId "933988"]
[BlackFideId "502324"]
[EventDate "2015.11.13"]

1. d4 d5 2. Bg5 h6 3. Bh4 c5 4. Nc3 g5 5. Bg3 Bg7 6. e3 a6 7. Nf3 Bg4 8. Be2 e6
9. Ne5 Bxe2 10. Qxe2 Nc6 11. O-O-O cxd4 12. exd4 Rc8 13. h4 gxh4 14. Bxh4 Qd6
15. Qg4 Bxe5 16. dxe5 Nxe5 17. Qg7 Ng6 18. Nxd5 exd5 19. Rhe1+ Kd7 20. Qxf7+
N8e7 21. Bxe7 Qf4+ 22. Qxf4 Nxf4 23. g3 Rhe8 24. gxf4 Rxe7 25. Rxd5+ Kc6 26.
Rxe7 Kxd5 27. Rxb7 Rc6 28. Re7 Rf6 29. Re5+ Kd6 30. Rh5 Ke6 31. Kd2 Kf7 32. Ke3
Kg6 33. Rd5 Rb6 34. b3 h5 35. c4 h4 36. Kf3 1-0

[Event "20th European Teams Women"]
[Site "Reykjavik ISL"]
[Date "2015.11.16"]
[Round "4.15"]
[Board "3"]
[White "Turunen, Tiina"]
[Black "Stojanovic, Marija R"]
[Result "1-0"]
[BlackTitle "WIM"]
[WhiteElo "1764"]
[BlackElo "2153"]
[WhiteTeam "Finland"]
[BlackTeam "Montenegro"]
[WhiteFideId "510947"]
[BlackFideId "931411"]
[EventDate "2015.11.13"]

1. d4 Nf6 2. c4 g6 3. Nc3 Bg7 4. e4 d6 5. Nf3 O-O 6. h3 c5 7. d5 a6 8. a4 Re8 9.
Be2 e6 10. O-O exd5 11. exd5 b6 12. Be3 Ne4 13. Nxe4 Rxe4 14. Qc2 Re8 15. Bd3 a5
16. Rae1 Na6 17. Qc1 Bd7 18. b3 Nb4 19. Bb1 Qc7 20. Bd2 Na6 21. Bc3 Rxe1 22.
Rxe1 Qd8 23. Bxg7 Kxg7 24. Qf4 Be8 25. Ng5 Nb4 26. Ne4 Qe7 27. Qxd6 Ra7 28. Re3
Qxd6 29. Nxd6 Bd7 30. Re7 Kg8 31. Rxf7 1-0

[Event "20th European Teams Women"]
[Site "Reykjavik ISL"]
[Date "2015.11.16"]
[Round "4.15"]
[Board "4"]
[White "Krpovic, Natasa"]
[Black "Kujasalo, Marjatta"]
[Result "1-0"]
[WhiteTitle "WFM"]
[WhiteElo "2098"]
[BlackElo "1605"]
[WhiteTeam "Montenegro"]
[BlackTeam "Finland"]
[WhiteFideId "910791"]
[BlackFideId "507466"]
[EventDate "2015.11.13"]

1. e4 d6 2. d4 g6 3. Be3 Bg7 4. Nc3 Nf6 5. f3 a6 6. Qd2 h5 7. h4 b6 8. Nh3 Bb7
9. Bc4 d5 10. exd5 Nxd5 11. Ng5 e6 12. Nxd5 Bxd5 13. Bd3 Nd7 14. c4 Bb7 15. Qc2
Qf6 16. O-O-O O-O-O 17. Ne4 Qe7 18. c5 Bxe4 19. fxe4 b5 20. a4 c6 21. Qd2 Nb8
22. e5 Qc7 23. Kc2 f6 24. axb5 cxb5 25. exf6 Bxf6 26. Be4 Nc6 27. Bxc6 Qxc6 28.
Qf2 Rhf8 29. Qf3 Rd5 30. Bh6 Bg7 31. Qe3 Bxd4 32. Rxd4 Qxc5+ 33. Kb1 Rxd4 34.
Qxe6+ Kb8 35. Bxf8 Qxf8 36. Qb6+ Kc8 37. Qxd4 Qf5+ 38. Ka1 Qe6 39. Rc1+ Kb7 40.
Qc3 Qd7 41. Qc5 a5 42. Re1 Ka6 43. Qe5 1-0

[Event "20th European Teams Women"]
[Site "Reykjavik ISL"]
[Date "2015.11.17"]
[Round "5.1"]
[Board "4"]
[White "Collas, Silvia"]
[Black "Goryachkina, Aleksandra"]
[Result "1/2-1/2"]
[WhiteTitle "IM"]
[BlackTitle "WGM"]
[WhiteElo "2319"]
[BlackElo "2478"]
[WhiteTeam "France"]
[BlackTeam "Russia"]
[WhiteFideId "2902265"]
[BlackFideId "4147103"]
[EventDate "2015.11.13"]

1. Nf3 d5 2. c4 e6 3. g3 dxc4 4. Bg2 a6 5. O-O Nf6 6. Qc2 b5 7. Ne5 Nd5 8. d3
cxd3 9. Nxd3 Bb7 10. Rd1 Nd7 11. a4 Be7 12. e4 N5f6 13. Bg5 Qc8 14. Nd2 h6 15.
Bxf6 gxf6 16. Nb3 O-O 17. Na5 Ne5 18. Nc5 Bxc5 19. Qxc5 Rb8 20. f4 Nc4 21. Nxc4
bxc4 22. Qxc4 f5 23. Rd2 Bxe4 24. Bxe4 fxe4 25. Qxe4 Qb7 26. Qe5 Qb6+ 27. Kg2
Qc6+ 28. Kh3 Kh7 29. Qf6 Qc5 30. Re1 Qh5+ 31. Kg2 Qf5 32. Qxf5+ exf5 33. Re5 Kg6
34. Rc5 Rb7 35. Rc6+ f6 36. Kh3 a5 37. Rc5 Rfb8 38. Rd7 c6 39. Rd6 Rc7 40. Rxa5
Rxb2 41. Rc5 Ra2 42. a5 h5 43. Rcxc6 Rxc6 44. Rxc6 Rxa5 45. Kh4 Ra2 46. h3 Ra8
47. Rc7 Rb8 48. Rd7 1/2-1/2

[Event "20th European Teams Women"]
[Site "Reykjavik ISL"]
[Date "2015.11.17"]
[Round "5.2"]
[Board "3"]
[White "Cosma, Elena-Luminita"]
[Black "Zhukova, Natalia"]
[Result "1/2-1/2"]
[WhiteTitle "WGM"]
[BlackTitle "GM"]
[WhiteElo "2303"]
[BlackElo "2480"]
[WhiteTeam "Romania"]
[BlackTeam "Ukraine"]
[WhiteFideId "1201590"]
[BlackFideId "14101513"]
[EventDate "2015.11.13"]

1. d4 Nf6 2. Nf3 d5 3. c4 c6 4. e3 Bf5 5. Nc3 e6 6. Nh4 Bg6 7. Nxg6 hxg6 8. g3
Nbd7 9. Bg2 dxc4 10. O-O Be7 11. Qe2 Nb6 12. Rd1 Qc7 13. e4 e5 14. Be3 Nfd7 15.
f4 exd4 16. Bxd4 O-O-O 17. Bxg7 Bc5+ 18. Bd4 Bxd4+ 19. Rxd4 Nc5 20. Rxd8+ Rxd8
21. Rd1 Nd3 22. h4 Qe7 23. Kh2 Qb4 24. e5 Kc7 25. Rd2 Na4 26. e6 Nxc3 27. bxc3
Qe7 28. exf7 Qxf7 29. Qe3 Qf6 30. Qxa7 Qxc3 31. Re2 Qf6 32. Qa5+ Kb8 33. Re6
Qxe6 34. Qxd8+ Ka7 35. Qa5+ Kb8 36. Qd8+ Ka7 37. Qa5+ Kb8 1/2-1/2

[Event "20th European Teams Women"]
[Site "Reykjavik ISL"]
[Date "2015.11.17"]
[Round "5.3"]
[Board "2"]
[White "Javakhishvili, Lela"]
[Black "Zawadzka, Jolanta"]
[Result "1-0"]
[WhiteTitle "IM"]
[BlackTitle "WGM"]
[WhiteElo "2479"]
[BlackElo "2439"]
[WhiteTeam "Georgia"]
[BlackTeam "Poland"]
[WhiteFideId "13601458"]
[BlackFideId "1122320"]
[EventDate "2015.11.13"]

1. d4 d5 2. c4 e6 3. Nf3 c6 4. Qc2 Nf6 5. Bg5 dxc4 6. Qxc4 b5 7. Qc2 Bb7 8. e3
Nbd7 9. Bd3 a6 10. a4 Rc8 11. Qe2 Be7 12. O-O O-O 13. e4 Re8 14. Nbd2 h6 15.
Bxf6 Nxf6 16. e5 Nd5 17. Qe4 g6 18. h4 h5 19. g4 hxg4 20. Qxg4 Kg7 21. h5 Rh8
22. hxg6 Rh6 23. Kg2 Qd7 24. Rh1 Rch8 25. Rxh6 Rxh6 26. gxf7+ Kxf7 27. Rh1 Rxh1
28. Kxh1 Bb4 29. Bh7 Ne7 30. Ne4 c5 31. Qh5+ Kg7 32. Qg5+ Kh8 33. Qf6+ 1-0

[Event "20th European Teams Women"]
[Site "Reykjavik ISL"]
[Date "2015.11.17"]
[Round "5.3"]
[Board "3"]
[White "Rajlich, Iweta"]
[Black "Batsiashvili, Nino"]
[Result "1-0"]
[WhiteTitle "IM"]
[BlackTitle "IM"]
[WhiteElo "2389"]
[BlackElo "2509"]
[WhiteTeam "Poland"]
[BlackTeam "Georgia"]
[WhiteFideId "1108166"]
[BlackFideId "13602993"]
[EventDate "2015.11.13"]

1. d4 d5 2. Nf3 Nf6 3. g3 c5 4. Bg2 cxd4 5. O-O h6 6. Bf4 Nc6 7. Nxd4 Qb6 8.
Nxc6 bxc6 9. Be5 Ba6 10. Nc3 e6 11. b3 Rd8 12. Na4 Qb5 13. Bxf6 gxf6 14. Qd4 Be7
15. Qxa7 Rd7 16. Qd4 Qxe2 17. c4 Qe5 18. Qb6 Bb7 19. Rfe1 Qc7 20. cxd5 cxd5 21.
Qd4 Qa5 22. Rec1 Qb4 23. Qd1 h5 24. a3 Qg4 25. Qd3 d4 26. Bxb7 Rxb7 27. Rc8+ Bd8
28. Nc5 Rb6 29. f3 Qg5 30. Qxd4 Qd5 31. Qxd5 exd5 32. Re1+ Re6 33. Rxe6+ fxe6
34. Nxe6 Ke7 35. Rxd8 Rh6 36. Rxd5 Kxe6 37. Rb5 h4 38. a4 h3 39. Kf2 Rh7 40. g4 1-0

[Event "20th European Teams Women"]
[Site "Reykjavik ISL"]
[Date "2015.11.17"]
[Round "5.3"]
[Board "4"]
[White "Arabidze, Meri"]
[Black "Majdan-Gajewska, Joanna"]
[Result "1/2-1/2"]
[WhiteTitle "IM"]
[BlackTitle "WGM"]
[WhiteElo "2408"]
[BlackElo "2378"]
[WhiteTeam "Georgia"]
[BlackTeam "Poland"]
[WhiteFideId "13604040"]
[BlackFideId "1121979"]
[EventDate "2015.11.13"]

1. d4 Nf6 2. c4 e6 3. Nf3 c5 4. d5 exd5 5. cxd5 d6 6. Nc3 g6 7. Bf4 Bg7 8. Qa4+
Bd7 9. Qb3 b5 10. Bxd6 Qb6 11. Be5 O-O 12. e3 c4 13. Qd1 b4 14. Ne2 Bb5 15. Nf4
Nbd7 16. Bd4 Qb7 17. Be2 Bh6 18. Ne5 Nxe5 19. Bxe5 Qe7 20. Qd4 Nd7 21. Bc7 Bg7
22. d6 Qe8 23. Qd5 Bxb2 24. Qxb5 Bc3+ 25. Kf1 Bxa1 26. Bxc4 Nb6 27. Ke2 Be5 28.
Nd3 Bc3 29. Qxe8 Raxe8 30. Bb5 Rc8 31. Ba6 Rce8 32. Bb5 Rc8 33. Ba6 Rce8 34. Rd1
Nd5 35. Nc5 Nxc7 36. dxc7 Be5 37. Rd7 Kg7 38. g3 g5 39. f4 gxf4 40. gxf4 Bxf4
41. c8=Q Rxe3+ 42. Kf1 Rxc8 43. Bxc8 Bxh2 44. Ba6 Rc3 45. Nd3 1/2-1/2

[Event "20th European Teams Women"]
[Site "Reykjavik ISL"]
[Date "2015.11.17"]
[Round "5.4"]
[Board "1"]
[White "Paehtz, Elisabeth"]
[Black "Peng, Zhaoqin"]
[Result "1-0"]
[WhiteTitle "IM"]
[BlackTitle "GM"]
[WhiteElo "2462"]
[BlackElo "2383"]
[WhiteTeam "Germany"]
[BlackTeam "Netherlands"]
[WhiteFideId "4641833"]
[BlackFideId "1004786"]
[EventDate "2015.11.13"]

1. d4 d5 2. Nf3 c5 3. c4 dxc4 4. e3 e6 5. Bxc4 Nf6 6. O-O a6 7. Nc3 b5 8. Be2
Bb7 9. dxc5 Qxd1 10. Rxd1 Bxc5 11. Nd2 Nbd7 12. Nb3 Rc8 13. Na5 Rb8 14. a4 b4
15. Nxb7 Rxb7 16. Nb1 a5 17. b3 Ke7 18. Bb2 Rd8 19. Nd2 Nb6 20. Bb5 Rc7 21. Rac1
Bd6 22. Bd4 Rxc1 23. Rxc1 Nbd5 24. Nc4 Rc8 25. Re1 Ne4 26. f3 Nec3 27. Nxa5 e5
28. Ba7 Nxb5 29. axb5 Rc3 30. b6 Bc5 31. Nc6+ Kd6 32. b7 Bxa7 33. Nxa7 Kc7 34.
Nb5+ Kxb7 35. Nxc3 bxc3 36. Rc1 Nxe3 37. Rxc3 Nf5 38. Rc5 f6 39. f4 Kb6 40. b4 1-0

[Event "20th European Teams Women"]
[Site "Reykjavik ISL"]
[Date "2015.11.17"]
[Round "5.4"]
[Board "2"]
[White "Haast, Anne"]
[Black "Osmanodja, Filiz"]
[Result "1-0"]
[WhiteTitle "WGM"]
[BlackTitle "WIM"]
[WhiteElo "2365"]
[BlackElo "2291"]
[WhiteTeam "Netherlands"]
[BlackTeam "Germany"]
[WhiteFideId "1017292"]
[BlackFideId "24633569"]
[EventDate "2015.11.13"]

1. e4 c5 2. Nf3 d6 3. d4 cxd4 4. Nxd4 Nf6 5. Nc3 Nc6 6. Bg5 e6 7. Qd2 a6 8.
O-O-O Bd7 9. f4 b5 10. Bxf6 gxf6 11. Nxc6 Bxc6 12. Bd3 Qb6 13. Qe1 Ra7 14. Kb1
Qc5 15. Qh4 Be7 16. f5 a5 17. Rd2 a4 18. Nd1 b4 19. Qh3 e5 20. c3 Bd8 21. cxb4
Qxb4 22. Rc2 Qb7 23. Qh4 Qb6 24. Nc3 Ra5 25. Rd1 Qb4 26. a3 Qb3 27. Na2 Rc5 28.
Nb4 Bb7 29. Rdd2 Ke7 30. Rxc5 dxc5 31. Bb5 cxb4 32. Rd7+ Ke8 33. Rd6+ Kf8 34.
Qh6+ 1-0

[Event "20th European Teams Women"]
[Site "Reykjavik ISL"]
[Date "2015.11.17"]
[Round "5.4"]
[Board "3"]
[White "Schleining, Zoya"]
[Black "Lanchava, Tea"]
[Result "1-0"]
[WhiteTitle "WGM"]
[BlackTitle "IM"]
[WhiteElo "2354"]
[BlackElo "2274"]
[WhiteTeam "Germany"]
[BlackTeam "Netherlands"]
[WhiteFideId "4671660"]
[BlackFideId "1005308"]
[EventDate "2015.11.13"]

1. d4 d6 2. Nf3 g6 3. c4 Bg7 4. Nc3 Nd7 5. e4 c6 6. Be2 e5 7. O-O Nh6 8. c5 dxc5
9. dxe5 Ng4 10. e6 Nde5 11. Qxd8+ Kxd8 12. Nxe5 Nxe5 13. f4 Bxe6 14. fxe5 Bxe5
15. Bg5+ Ke8 16. Bf6 Bd4+ 17. Kh1 Rf8 18. Rad1 Bxf6 19. Rxf6 Ke7 20. Rff1 b5 21.
e5 c4 22. Bf3 Rac8 23. Kg1 a5 24. Rd6 b4 25. Na4 Rfd8 26. Rfd1 c5 27. Rxd8 Rxd8
28. Rxd8 Kxd8 29. Nxc5 1-0

[Event "20th European Teams Women"]
[Site "Reykjavik ISL"]
[Date "2015.11.17"]
[Round "5.4"]
[Board "4"]
[White "Kazarian, Anna-Maja"]
[Black "Ohme, Melanie"]
[Result "1/2-1/2"]
[WhiteTitle "WFM"]
[BlackTitle "WGM"]
[WhiteElo "2255"]
[BlackElo "2301"]
[WhiteTeam "Netherlands"]
[BlackTeam "Germany"]
[WhiteFideId "1033689"]
[BlackFideId "4690745"]
[EventDate "2015.11.13"]

1. e4 e5 2. Nf3 Nc6 3. Bb5 a6 4. Ba4 Nge7 5. c3 g6 6. d4 exd4 7. cxd4 b5 8. Bb3
Bg7 9. Nc3 O-O 10. a4 b4 11. Nd5 Nxd5 12. Bxd5 Rb8 13. Bg5 Qe8 14. O-O Na5 15.
Bf4 d6 16. Qc2 Be6 17. Qxc7 Bxd5 18. Qxa5 Bxe4 19. Bxd6 Bxf3 20. gxf3 Bxd4 21.
Rad1 Bxb2 22. Bxb4 Qc6 23. Bxf8 Rxf8 24. Rd3 Kg7 25. Qd2 Bf6 26. a5 Rb8 27. Rc1
Qe6 28. Rd6 Qf5 29. Qd5 Be5 30. Rd1 Rb5 31. Qe4 Bxd6 32. Rxd6 Qxe4 33. fxe4 Rxa5
34. Kg2 h5 35. Kg3 Ra2 36. e5 Kf8 37. e6 f6 38. Rd7 Re2 39. Rf7+ Ke8 40. Rxf6
Ke7 41. Rxg6 Rxe6 42. Rg5 Rh6 43. f4 Kf7 44. Rf5+ Kg7 45. Kh4 Rf6 46. Rg5+ Kf7
47. f5 Rh6 48. Kg3 a5 49. Kf4 a4 50. Rg1 Ra6 51. Kg5 1/2-1/2

[Event "20th European Teams Women"]
[Site "Reykjavik ISL"]
[Date "2015.11.17"]
[Round "5.5"]
[Board "1"]
[White "Danielian, Elina"]
[Black "Stojanovic, Andjelija"]
[Result "1/2-1/2"]
[WhiteTitle "GM"]
[BlackTitle "WGM"]
[WhiteElo "2474"]
[BlackElo "2357"]
[WhiteTeam "Armenia"]
[BlackTeam "Serbia"]
[WhiteFideId "13300210"]
[BlackFideId "928682"]
[EventDate "2015.11.13"]

1. Nf3 Nf6 2. c4 g6 3. g3 Bg7 4. Bg2 O-O 5. O-O d6 6. d4 c6 7. Nc3 Qa5 8. e4 e5
9. dxe5 dxe5 10. h3 Nbd7 11. Be3 Nb6 12. Qd3 Be6 13. b3 h6 14. a3 Nbd7 15. Rfd1
Rfe8 16. b4 Qc7 17. Rac1 Nb6 18. Nd5 Qd8 19. Nxb6 Qxd3 20. Rxd3 axb6 21. Nxe5
Nxe4 22. Nxg6 Nxf2 23. Bxf2 fxg6 24. b5 Bb2 25. Rc2 Rxa3 26. Rxa3 Bxa3 27. Bxb6
Bd6 28. bxc6 bxc6 29. g4 c5 30. Rd2 Bf8 31. Bd5 Bxd5 32. Rxd5 Re4 33. Bxc5 Rxc4
34. Be3 Rc2 35. Rd8 Kf7 36. Rd7+ Ke6 37. Rh7 g5 38. Bf2 Kf6 39. Rb7 Bc5 40. Bxc5
Rxc5 41. Rb6+ Kg7 1/2-1/2